| 000 | 00741nam a2200193 4500 | ||
|---|---|---|---|
| 001 | 140014 | ||
| 003 | ES-MaACL | ||
| 007 | t| | ||
| 008 | 070214s1929 gw r ||||1| ger d | ||
| 100 | 1 |
_aSchramm, Percy Ernst. _9104685 |
|
| 245 | 1 | 0 |
_aKaiser, Rom und Renovatio _b: studien und texte zur geschichte des römischen erneuerungsgedankens vom ende des Karolingischen Reiches bis zum investiturstreit / _cPercy Ernst Schramm. |
| 260 |
_aLeipzig : _bB. G. Teubner, _c1929. |
||
| 300 |
_a2 v. ; _c25 cm. |
||
| 490 | 1 | _aStudien der Bibliothek Warburg | |
| 505 | 8 | _aContiene: Vol. I. Studien. Vol. II. Exkurse un texte | |
| 830 | 0 |
_aStudien der Bibliothek Warburg _9220283 |
|
| 852 |
_aES-MaACL _jB-9194-95 _bR.18584 |
||
| 999 |
_c140014 _d140014 |
||